Assessment of the Impact of the Global Cybersecurity Index (GCI) of the International Telecommunication Union (ITU) on Improving the Cybersecurity Posture of Developing Countries. (A Pakistani Perspective)/ (Record no. 615677)

000 -LEADER
fixed length control field 00660nam a22001577a 4500
003 - CONTROL NUMBER IDENTIFIER
control field NUST
038 ## - RECORD CONTENT LICENSOR
Staff Name Nusrat Nadeem
082 ## - DEWEY DECIMAL CLASSIFICATION NUMBER
Classification number 200
100 ## - MAIN ENTRY--PERSONAL NAME
Personal name Ali, Sardar Muhammad
245 ## - TITLE STATEMENT
Title Assessment of the Impact of the Global Cybersecurity Index (GCI) of the International Telecommunication Union (ITU) on Improving the Cybersecurity Posture of Developing Countries. (A Pakistani Perspective)/
Statement of responsibility, etc. Sardar Muhammad Ali,
264 ## - PRODUCTION, PUBLICATION, DISTRIBUTION, MANUFACTURE, AND COPYRIGHT NOTICE
Place of production, publication, distribution, manufacture Islamabad:
Name of producer, publisher, distributor, manufacturer MCS NUST
Date of production, publication, distribution, manufacture, or copyright notice 2025.
650 ## - SUBJECT ADDED ENTRY--TOPICAL TERM
Topical term or geographic name entry element PhD- Information Security
700 ## - ADDED ENTRY--PERSONAL NAME
Personal name Supervisor: Prof Dr. Abdul Razzaq
856 ## - ELECTRONIC LOCATION AND ACCESS
Uniform Resource Identifier <a href="http://10.250.8.41:8080/xmlui/handle/123456789/56152">http://10.250.8.41:8080/xmlui/handle/123456789/56152</a>
942 ## - ADDED ENTRY ELEMENTS (KOHA)
Source of classification or shelving scheme
Koha item type Soft Copy
Holdings
Withdrawn status Permanent Location Current Location Shelving location Date acquired Full call number Barcode Koha item type
  Central Library (CL) Central Library (CL) Thesis 12/23/2025 200 CLPT-778 Soft Copy
© 2023 Central Library, National University of Sciences and Technology. All Rights Reserved.